LEADER 00788nam0-22002891i-450- 001 990003120950403321 035 $a000312095 035 $aFED01000312095 035 $a(Aleph)000312095FED01 035 $a000312095 100 $a20000920d1972----km-y0itay50------ba 101 0 $aita 102 $aIT 200 1 $a<>machine policiere$fBertrand des Saussaies. 210 $aParis$cEditions du Seuil$d\c\\1972. 215 $a144 p.$d18 cm 225 1 $aSociété$fCollection dirigée par Robert Fossaert 676 $a19700 702 1$aDes Saussaies,$bBertrand 801 0$aIT$bUNINA$gRICA$2UNIMARC 901 $aBK 912 $a990003120950403321 952 $a19700 SAU$b4124/I$fSES 959 $aSES 996 $aMachine policiere$9461578 997 $aUNINA DB $aING01 LEADER 01068nam--2200373---450- 001 990005826240203316 005 20130409103101.0 010 $a9069801183 035 $a000582624 035 $aUSA01000582624 035 $a(ALEPH)000582624USA01 035 $a000582624 100 $a20130409d1998----km-y0itay50------ba 101 $aeng 102 $aDE 105 $a----||||001yy 200 1 $aGenre in hellenistic poetry$fedited by M.A. Harder, R.F. Regtuit, and G.C. Wakker 210 $aCroningen$cForsten$d1998 215 $a242 p.$d24 cm 225 2 $aHellenistica Groningana$v3 410 0$12001$aHellenistica Groningana$v3 606 0 $aPoesia ellenistica$2BNCF 676 $a881.0109 702 1$aHARDER,$bM. Annette 702 1$aREGTUIT,$bRemco Ferdinand 702 1$aWAKKER,$bGerrigje Catharina 801 0$aIT$bsalbc$gISBD 912 $a990005826240203316 951 $aCL A 141$b9507 DSA 959 $aBK 969 $aDSA 979 $aDSA$b90$c20130409$lUSA01$h1031 996 $aGenre in hellenistic poetry$91088155 997 $aUNISA